Memoria de la gestión corporativa de la excelentísima diputación provincial del año 1958.
Descripción Física:
v. ; 33 cm ; 23 cm
MARC
| LEADER | 00000nam a2200000Ia 4500 | ||
|---|---|---|---|
| 001 | 8613 | ||
| 003 | Arxiu | ||
| 008 | 160829s1984 - xx 000 0 cat d | ||
| 080 | |a Memòries. | ||
| 110 | 1 | |a Barcelona (Catalunya : Província). |b Diputació |9 52408 | |
| 240 | |a Memòria 1958 | ||
| 245 | |a Memoria de la gestión corporativa de la excelentísima diputación provincial del año 1958. | ||
| 260 | |a Barcelona : |b Diputació. Presidència, |c 1958 | ||
| 300 | |a v. ; |c 33 cm ; |c 23 cm | ||
| 650 | 0 | |a Barcelona (Catalunya : Província). Diputació |x Memòries |9 23006 | |
| 710 | 1 | |a Barcelona (Catalunya : Província). |b Diputació |9 52408 | |
| 710 | 1 | |a Catalunya. |b Diputació Provincial |9 54288 | |
| 856 | |u https://www.diba.cat/documents/94831/366392651/1958_baixa.pdf/06e6b28d-75f4-d2b4-08c1-bfed0fc0025d?t=1648207082568 |z bib_8613_1958.pdf | ||
| 900 | |a bib_8613_1958_baixa.pdf | ||
| 901 | |a Arxiu | ||
| 942 | |n 1 |2 udc |c ARXIU | ||
| 952 | |0 0 |1 0 |4 0 |6 MEMÒRIES |7 1 |9 63650 |a Arxiu |b Arxiu |d 2022-08-30 |l 0 |o Memòries |p 8613 |r 2022-08-30 00:00:00 |w 2022-08-30 |y ARXIU |z Digitalitzat | ||
| 999 | |c 80674 |d 80674 | ||